| 000 | 00502nam a2200193Ia 4500 | ||
|---|---|---|---|
| 005 | 20250326141509.0 | ||
| 008 | 250326s9999 xx 000 0 und d | ||
| 037 | _aTextbook | ||
| 040 |
_aFMSL _beng _cFMSL |
||
| 041 |
_aeng _2eng |
||
| 084 | _qFMSL | ||
| 100 |
_aKothari C M _9740140 |
||
| 245 | 0 |
_aKotharis Industrial directory of India _cKothari C M |
|
| 250 | _a37th | ||
| 260 |
_aMadars _bMadars, Kothari enterprises _c1990 |
||
| 300 | _av.. | ||
| 942 | _cTB | ||
| 999 |
_c1290574 _d1290574 |
||